| 000 | 00703nam a2200253Ia 4500 | ||
|---|---|---|---|
| 003 | OSt | ||
| 005 | 20220928115123.0 | ||
| 006 | a|||||r|||| 00| 0 | ||
| 007 | ta | ||
| 008 | 220927b |||||||| |||| 00| 0 eng d | ||
| 024 | _a46539 | ||
| 037 | _cTextual | ||
| 040 |
_aSDCL _cSDCL _beng |
||
| 041 |
_2eng _aeng |
||
| 082 | _aR2, P0 | ||
| 100 |
_aSosa Ernest Ed. _9402343 |
||
| 245 | 0 |
_aEpistemology _bAn anthology. |
|
| 260 |
_aOxford _bBlackwell Publishers _c2000 |
||
| 300 |
_ax,590p. _ccm. |
||
| 490 | _aBlackwell philosophy anthologies. | ||
| 700 |
_a Kim Jaegwon Ed. _9443125 |
||
| 942 |
_hR2, P0 _cTEXL _2CC |
||
| 999 |
_c758277 _d758277 |
||